Top 7 des rappeurs qui se sont fait DJOUFARA - Statistiques

Statistiques générales
  • Ce quiz a été pris 918 fois
  • Le résultat moyen est 3 sur 7
Statistiques - réponses
Indice Réponse % Correct
Son caleçon s'effiloche Favé
99%
Cagoulé se faisant pomper par le précédent Kerchak
57%
Le jour où il n'avait pas de couteau Ziak
42%
Pendant qu'il préparait son sandwich de gnou Kaaris
34%
Il a avalé ses djoufareurs Naza
25%
Alors qu'il se faisait tailler le bouc La Fouine
18%
Se sont fait DJOUFARA en Argentine Bigflo et Oli
10%
Aucun quiz correspondant
Distribution des résultats
% des personnes avec chaque résultat
Percentile par nombre de réponses
Votre historique - résultats
Vous n’avez pas pris ce quiz